000 00691 a2200205 4500
010 _aENG-89892
020 _a8180901475
_c400.00
035 _aEN-73425
037 _bDBAD / PUB
082 1 4 _a230.1
090 _c11955
_d11955
100 1 _aLal, S.K.
245 1 _aRivers in Hindu mythology and ritual /
_cby S.K. Lal
260 _aDelhi
_bBharatiya Kala Prakashan
_c2007
270 _a3421-A, IInd Floor, Narang Colony, Tri Nagar
_bDelhi
_cDelhi
_e110035
_k27393083, 30967505
300 _axxx, 188p.
_c21 cm. (Hb)
500 _aIncludes index.
942 _adpl
_cEN
_k230.1 / LAL
999 _c11601
_d11601